[Event "Figueira da Foz op 7th"]
[Site "Figueira da Foz"]
[Date "2010.11.03"]
[Round "5.28"]
[White "Oliveira, Joao Andre CD"]
[Black "Rodrigues, Luis Miguel Amaral"]
[Result "0-1"]
[WhiteElo "1586"]
[BlackElo "1845"]
[PlyCount "76"]
[EventDate "2010.10.31"]
[EventType "swiss"]
[EventRounds "9"]
[EventCountry "POR"]
[SourceTitle "EXT 2011"]
[Source "ChessBase"]
[SourceDate "2010.11.26"]
[SourceVersion "1"]
[SourceVersionDate "2010.11.26"]
[SourceQuality "1"]

1. e4 c5 2. Nf3 d6 3. Nc3 Nf6 4. d4 cxd4 5. Nxd4 a6 6. Bg5 e5 7. Nb3 Be7 8. Bd3 Be6 9. Qf3 Nbd7 10. 0-0 0-0 11. Qg3 b5 12. Be2 Kh8 13. Rad1 b4 14. Nd5 Nxd5 15. exd5 Bf5 16. Bxe7 Qxe7 17. Bd3 Bxd3 18. Rxd3 a5 19. Re1 Qd8 20. f4 a4 21. Nd2 Qb6+ 22. Qf2 Qc7 23. c3 Rab8 24. c4 f5 25. b3 e4 26. Rh3 Nc5 27. Qh4 g6 28. g4 Rbe8 29. Ree3 Nd3 30. g5 axb3 31. Nxb3 Re7 32. Nd2 Qa7 33. Qh6 Rfe8 34. Qxg6 Nxf4 35. Rxh7+ Rxh7 36. Qxe8+ Kg7 37. Nf1 Rh3 38. Ng3 Qxe3+ 0-1

[Event "Figueira da Foz op 6th"]
[Site "Figueira da Foz"]
[Date "2009.12.05"]
[Round "8"]
[White "Pais, Bruno Miguel Dos Sa"]
[Black "Rodrigues, Luis Miguel Amaral"]
[Result "1/2-1/2"]
[WhiteElo "1712"]
[BlackElo "1875"]
[PlyCount "33"]
[EventDate "2009.11.27"]
[EventType "swiss"]
[EventRounds "9"]
[EventCountry "POR"]
[SourceTitle "CBM 133 Extra"]
[Source "ChessBase"]
[SourceDate "2010.01.05"]
[SourceVersion "1"]
[SourceVersionDate "2010.01.05"]
[SourceQuality "1"]

1. d4 d5 2. c4 e6 3. Nc3 c6 4. Nf3 Nf6 5. Bg5 Nbd7 6. e3 Be7 7. Qc2 0-0 8. Bd3 dxc4 9. Bxc4 b5 10. Bd3 Bb7 11. Rc1 a6 12. 0-0 c5 13. dxc5 Bxf3 14. gxf3 Nxc5 15. Bxf6 Bxf6 16. Bxh7+ Kh8 17. Rfd1 1/2-1/2

[Event "Figueira da Foz op 2nd"]
[Site "Figueira da Foz"]
[Date "2005.10.29"]
[Round "1"]
[White "Rodrigues, Luis Miguel Amaral"]
[Black "Bellon Lopez, Juan Manuel"]
[Result "0-1"]
[WhiteElo "1850"]
[BlackElo "2401"]
[PlyCount "54"]
[EventDate "2005.10.29"]
[EventType "swiss"]
[EventRounds "9"]
[EventCountry "POR"]
[SourceTitle "EXT 2006"]
[Source "ChessBase"]
[SourceDate "2005.11.24"]
[SourceVersion "1"]
[SourceVersionDate "2005.11.24"]
[SourceQuality "1"]

1. d4 Nf6 2. c4 c5 3. d5 a6 4. a4 e6 5. Nc3 exd5 6. cxd5 Bd6 7. Nf3 Bc7 8. e4 d6 9. h3 0-0 10. Bd3 Re8 11. 0-0 Nbd7 12. Bg5 h6 13. Bh4 Rb8 14. Qc2 Nf8 15. Nd2 Ng6 16. Bg3 Nh5 17. Ne2 Nxg3 18. fxg3 Ne5 19. Nf3 b5 20. axb5 axb5 21. b3 Nxd3 22. Qxd3 Qe7 23. Nc3 Bd7 24. Nd2 b4 25. Nd1 Bb5 26. Qc2 Bxf1 27. Kxf1 Qf6+ 0-1